LEADER 01542nam a2200265 i 4500 001 000000012645 003 CaOOAMICUS 005 20210820110055.0 008 180830s1859 it d u000 u ita u 040 $aSeMil$bita 100 1 $aCarena, Giacinto <1778-1859>.$0(OLS)http://semarc/name/6025 245 10$aProntuario di vocaboli attenenti a cose domestiche, e altre di uso comune :$bper saggio di un vocabolario metodico della lingua italiana /$cdi Giacinto Carena. 246 0 $iTit. sul front. del v. 2$aProntuario di vocaboli attenenti a parecchie arti e ad alcuni mestieri 250 $a4. ed. napolitana con molte aggiunte 264 1$aNapoli :$bGiuseppe Marghieri : C. Boutteaux e M. Aubry,$c1859. 300 $a2 v. ;$c19 cm. 500 $aLegati insieme i 2 vol. 650 4$aMestieri - Enciclopedie e dizionari - Ed. ante 1900.$0(OLS)http://semarc/subject/2096 650 4$aEconomia domestica - Enciclopedie e dizionari - Opere anteriori al 1900.$0(OLS)http://semarc/subject/2097 774 0 $tVocabolario domestico.$g1$w()215661 774 0 $tVocabolario d'arti e mestieri.$g2$w()215662 996 $6245$aProntuario di vocaboli attenenti a cose domestiche, e altre di uso comune :$bper saggio di un vocabolario metodico della lingua italiana$9(OLS)http://semarc/title/16834 996 $6246$aProntuario di vocaboli attenenti a parecchie arti e ad alcuni mestieri$9(OLS)http://semarc/title/16835 996 $6264$aNapoli :$bGiuseppe Marghieri : C. Boutteaux e M. Aubry$9(OLS)http://semarc/publisher/60035 LEADER 01582nam a2200361 i 4500 001 000000190901 003 CaOOAMICUS 005 20151027000000.0 008 151027s1989 it u000 u ita u 013 $a169375 020 $a88-263-0746-6 040 $aSeMil$bita 100 1 $aAmbrosini, Maurizio,$d<1956- >.$0(OLS)http://semarc/name/52102 245 10$aEducazione permanente tra profezia e progetto /$cM. Ambrosini ... [et al.] ; a cura di V. Bonasegale, S. e M. Rizzoli. 260 $aRoma :$bBorla,$c1989. 300 $a173 p. ;$c19 cm. 490 0 $aLa bisaccia del pellegrino 500 $aContiene : Bibliografia. 650 4$aScoutismo.$0(OLS)http://semarc/subject/1605 650 4$aEducazione degli adulti.$0(OLS)http://semarc/subject/5337 700 1 $aRizzoli, Mario.$0(OLS)http://semarc/name/69770 700 1 $aRizzoli, Stefania.$0(OLS)http://semarc/name/69769 700 1 $aBonasegale, Virginia.$0(OLS)http://semarc/name/69768 774 0 $tPerchè fare educazione permanenete.$w()325570 774 0 $tAlla ricerca di un metodo.$w()325571 774 0 $tMetodo sperimentato.$w()325572 830 3$aLa bisaccia del pellegrino.$0(OLS)http://semarc/title/44311 850 $aSeMil 852 $aSeMil$W1$xVenegono$y1$m3G I 362$j141515$B141515$CSeMilBibl$Z2$F153073 $81 961 $aOmaggio: Martinelli don Romano 996 $6020$a88-263-0746-6$9(OLS)http://semarc/number/181901 996 $6245$aEducazione permanente tra profezia e progetto$9(OLS)http://semarc/title/275067 996 $6260$aRoma :$bBorla$9(OLS)http://semarc/publisher/29677